| 000 | 00942nam a22002055i 4500 | ||
|---|---|---|---|
| 001 | 160161 | ||
| 003 | ES-MaACL | ||
| 005 | 20251014063232.0 | ||
| 008 | 980915s1831 fr b |||| | fre d | ||
| 040 |
_aBA _bspa _cBA |
||
| 100 | 1 |
_aMoreau de Jonnès, Alexandre, _d1776-1870 _9130151 |
|
| 245 | 1 | 0 |
_aRapport au Conseil Supérieur de Santé sur le choréra-morbus pestilentiel _b: les caractères et phénomènes pathologiques de cette maladie ... / _cpar Alex. Moreau de Jonnès ... |
| 260 |
_aParis, _c1831 ( _fImprimerie de Cosson) |
||
| 300 |
_a[2], VII, [2], 356, [2] p., 1 h. de grab. : _bil. ; _c22 cm. |
||
| 596 | _aEn verso de antep.:"chez l'Auteur, Treuttel et Wurtz, Rey et Gravier, Renard" | ||
| 599 | _aLa h. de grab. és un mapa pleg. xil. | ||
| 650 | 7 |
_aCólera _2embne _911143 |
|
| 852 |
_aES-MaACL _jT-495-F-1 _z-- Enc. hol. _q-- Falto de la cub. original _z-- Enc. en un vol. facticio |
||
| 999 |
_c160161 _d160161 |
||